000 01172naa a22003017a 4500
001 BR6010164
003 BR-BrBNA
005 20240918173151.0
007 ta
008 230509b bl.||||| |||| 00| 0 por d
040 _aBR-BrBNA
_bpor
_cBiblioteca Nacional de Agricultura
041 _a(Pt)
072 _aF30
_b3381
_b3575
090 _aF30 BR6010164
100 1 _aNascimento Filho, A.C.
111 1 _a4. Congresso Nacional de Botanica
_cRecife, PE (Brazil)
_d19 Jan 1953
245 1 _aCitogenetica de Bougainvillea spectabilis will. com referencia a producao de sementes [Planta ornamental]
260 3 _aRecife, PE (Brasil):
_bInstituto de Pesquisas Agronomicas,
_c1953.
500 _aAnais do 4. Congresso Nacional de Botanica Recife, PE (Brasil): Instituto de Pesquisas Agronomicas, 1953. p. 270-277 (BR6010164-AM)F30
650 _aMelhoramento genetico vegetal
650 _aPlanta ornamental
650 _aSemente
650 _aArbusto
650 _aCitogenetica vegetal
773 0 _tAnais do 4. Congresso Nacional de Botanica
_wF30 BR6010164
_gRecife, PE (Brasil), 1953. p. 270-277
909 _a202404
_bLucia
_c55
_dLucia Elande
942 _cAM
_2AGRIS
999 _c303245
_d303245